Państwa z największą liczbą osób mówiących po niemiecku - Statystyki

Ogólne statystyki
  • Ten quiz został rozwiązany 24 razy
    23 od ostatniego zresetowania
  • Średni wynik to 9 z 12
Statystyki odpowiedzi
# Osoby % Państwo % Poprawnych
7 115 780 88,6 Austria
100%
69 701 200 85,2 Niemcy
100%
5 161 647 62,8 Szwajcaria
100%
76 920 0,7 Belgia
95%
96 461 0,2 Polska
90%
964 441 0,3 Stany Zjednoczone
76%
748 000 1,2 Francja
71%
271 865 0,7 Kanada
71%
336 887 0,6 Włochy
62%
192 691 0,4 Hiszpania
48%
72 000 0,7 Szwecja
43%
79 353 0,4 Australia
38%
Nie znaleziono quizów pasujących do podanych kryteriów
Rozkład punktacji
Procent ludzi z każdym wynikiem
Percentyl według liczby udzielonych odpowiedzi
Twoja historia wyników
Nie rozwiązałeś tego quizu od ostatniego zresetowania